00513nam a22001455i 4500001000700000003000900007005001700016008004100033040002000074100003100094245006500125260005800190300002100248852009800269165593ES-MaACL20230906213153.0030320s1885 sp |||| | spa d aCAM bspa cCAM1 aSoto y Corro, Carolina de.13aEl santo de la aldea b: poema / cCarolina de Soto y Corro. aJerez : b[s.n.], c1885 (fImprenta de El Guadalete) a29 p. ; c19 cm. aES-MaACLjT-599-F-4 z-- Enc. hol. conservando la cub. original z-- Enc. en un vol. facticio